| 000 | 00887nam a22002777a 4500 | ||
|---|---|---|---|
| 999 |
_c537 _d537 |
||
| 001 | 000516 | ||
| 003 | CoMeUDC000516 | ||
| 005 | 20181218191718.0 | ||
| 008 | 130821s2011 ck gr spa | ||
| 020 | _a9789587106541 | ||
| 040 |
_aCo-BoUCM _bspa _cCoMeUDC |
||
| 041 | 0 | 0 | _aspa |
| 082 | 0 | 4 |
_a345.05 _220 _bG283a |
| 100 | 1 | _aGaviria Londoño, Vicente Emilio | |
| 245 | 1 | 3 |
_aLa acción civil en el proceso penal Colombiano / _cVicente Emilio Gaviria Londoño. |
| 250 | _a2a ed. | ||
| 260 |
_aBogotá (Colombia) : _bUniversidad Externado de Colombia, _c2011. |
||
| 300 | _a311 páginas | ||
| 504 | _aIncluye bibliografía. | ||
| 650 | 0 | 4 |
_aAcción civil _98336 |
| 650 | 0 | 4 |
_aDerecho penal _912805 |
| 650 | 0 | 4 |
_aDerecho procesal _912822 |
| 650 | 0 | 4 |
_aProceso penal _922389 |
| 710 | 2 | _aUniversidad Externado de Colombia | |
| 942 |
_cBK _a8 _e2 _mG283a _2ddc _h345.05 |
||